Language Quiz

Random Language Quiz
Score 0/20 Timer 04:00
1 Play Today
Answer % Correct
match
92%
itch/scratch
91.5%
hopscotch
89.6%
fetch/catch
89.1%
crutch
88.9%
switch
87.2%
Stitch
84.3%
Etch-A-Sketch
80.9%
stopwatch
79.6%
Snitch/Quidditch
74.9%
Answer % Correct
Hitch
70.4%
blotch/splotch
69.3%
Sasquatch
65.5%
Patch
65.3%
latch
63.9%
hutch
58.5%
butterscotch
53.3%
hatch
49.7%
thatch
44.2%
Fletch
36.7%
Remove Ads.
Support Sporcle.
Get the best of Sporcle when you Go Orange. This ad-free experience offers more features, more stats, and more fun while also helping to support Sporcle. Thank you for becoming a member.

You're not logged in!

Compare scores with friends on all Sporcle quizzes.
OR
Log In

Show Comments

Extras

Top Quizzes Today


Score Distribution

Your Account Isn't Verified!

In order to create a playlist on Sporcle, you need to verify the email address you used during registration. Go to your Sporcle Settings to finish the process.

Report this User

Report this user for behavior that violates our Community Guidelines.

Details: